| 000 | 01518nam a2200421Ia 4500 | ||
|---|---|---|---|
| 001 | ebr10510387 | ||
| 003 | CaPaEBR | ||
| 006 | m u | ||
| 007 | cr cn||||||||| | ||
| 008 | 100706s2011 njua sb 001 0 eng d | ||
| 010 | _z 2010025738 | ||
| 020 | _z9780470741580 | ||
| 020 | _z9780470971963 | ||
| 020 | _z0470741589 | ||
| 020 | _z0470971959 | ||
| 020 | _z0470971967 | ||
| 020 | _z9780470971956 | ||
| 040 |
_aCaPaEBR _cCaPaEBR |
||
| 035 | _a(OCoLC)714797070 | ||
| 050 | 1 | 4 |
_aTP359.V44 _bH66 2011eb |
| 082 | 0 | 4 |
_a665.5/385 _222 |
| 100 | 1 | _aHonary, Lou A. T. | |
| 245 | 1 | 0 |
_aBiobased lubricants and greases _h[electronic resource] : _btechnology, and products / _cLou A.T. Honary, Erwin Richter. |
| 260 |
_aHoboken, NJ : _bWiley, _c2011. |
||
| 300 |
_axii, 216 p. : _bill. (some col.). |
||
| 490 | 1 | _aTribology series | |
| 504 | _aIncludes bibliographical references and index. | ||
| 533 |
_aElectronic reproduction. _bPalo Alto, Calif. : _cebrary, _d2013. _nAvailable via World Wide Web. _nAccess may be limited to ebrary affiliated libraries. |
||
| 650 | 0 | _aVegetable oils as fuel. | |
| 650 | 0 |
_aLubricating oils _xBiocompatibility. |
|
| 650 | 0 | _aPlant biotechnology. | |
| 650 | 0 | _aBiomass energy. | |
| 655 | 7 |
_aElectronic books. _2local |
|
| 700 | 1 |
_aRichter, Erwin William, _d1934- |
|
| 710 | 2 | _aebrary, Inc. | |
| 830 | 0 | _aTribology series. | |
| 856 | 4 | 0 |
_uhttp://site.ebrary.com/lib/rucke/Doc?id=10510387 _zAn electronic book accessible through the World Wide Web; click to view |
| 999 |
_c119738 _d119738 |
||